[Event "Sant Miquel Olerdola op 15th"]
[Site "Sant Miquel Olerdola"]
[Date "2024.05.24"]
[Round "7"]
[White "Masferrer Niubo, Enric"]
[Black "Soteras Largo, Angel"]
[Result "1/2-1/2"]
[WhiteElo "2019"]
[BlackElo "1951"]
[PlyCount "109"]
[EventDate "2024.04.12"]
[EventType "swiss"]
[EventRounds "8"]
[EventCountry "ESP"]
[SourceTitle "EXT 2025"]
[Source "ChessBase"]
[SourceDate "2024.10.14"]
[SourceVersion "1"]
[SourceVersionDate "2024.10.14"]
[SourceQuality "1"]

1. Nf3 Nf6 2. c4 g6 3. Nc3 Bg7 4. e3 0-0 5. d4 d6 6. b3 e5 7. Be2 c6 8. Bb2 e4 9. Nd2 Re8 10. Qc2 d5 11. h3 h6 12. c5 Nbd7 13. Na4 b5 14. cxb6 Nxb6 15. Nxb6 Qxb6 16. Rc1 Bd7 17. Ba3 Qa5 18. Qc5 Qxc5 19. Bxc5 Be6 20. Ba3 Rec8 21. 0-0 a5 22. Rc2 h5 23. Rfc1 Bd7 24. Nb1 a4 25. b4 Rcb8 26. Nc3 Bf8 27. Rb2 Rb7 28. Bd1 Ne8 29. Rcb1 f5 30. h4 Kf7 31. g3 Ke6 32. Ne2 Bd6 33. Nf4+ Bxf4 34. gxf4 Nd6 35. Be2 Nb5 36. Bxb5 Rxb5 37. Rc2 Rab8 38. Kf1 R8b6 39. Ke1 Rb7 40. Kd2 R7b6 41. Kc3 Rb7 42. Bc1 c5 43. dxc5 Rxc5+ 44. bxc5 Rxb1 45. Kd2 Bc6 46. Rb2 Rxb2+ 47. Bxb2 Bb5 48. Kc3 Bc4 49. a3 Bb5 50. Kb4 Bc6 51. Ka5 Kd7 52. Be5 Ke6 53. Bd4 Kd7 54. Kb6 Ba8 55. Be5 1/2-1/2

[Event "Sant Miquel Olerdola op 15th"]
[Site "Sant Miquel Olerdola"]
[Date "2024.05.10"]
[Round "5"]
[White "Masferrer Niubo, Enric"]
[Black "Prats Alonso, Oscar"]
[Result "1/2-1/2"]
[WhiteElo "2019"]
[BlackElo "1943"]
[PlyCount "94"]
[EventDate "2024.04.12"]
[EventType "swiss"]
[EventRounds "8"]
[EventCountry "ESP"]
[SourceTitle "EXT 2025"]
[Source "ChessBase"]
[SourceDate "2024.10.14"]
[SourceVersion "1"]
[SourceVersionDate "2024.10.14"]
[SourceQuality "1"]

1. Nf3 Nf6 2. c4 g6 3. Nc3 Bg7 4. b3 0-0 5. Bb2 d5 6. e3 c5 7. Nxd5 Nxd5 8. Bxg7 Nxe3 9. fxe3 Kxg7 10. Be2 Bf5 11. d4 Qa5+ 12. Qd2 Qxd2+ 13. Nxd2 Nc6 14. e4 Nxd4 15. exf5 Nc2+ 16. Kf2 Nxa1 17. Rxa1 gxf5 18. Bf3 Rad8 19. Nf1 Rd7 20. Rd1 Rfd8 21. Rxd7 Rxd7 22. Ke2 b6 23. Ne3 e6 24. Nc2 Kf6 25. Ke3 Ke5 26. g3 Kf6 27. Ne1 Rd4 28. Nc2 Rd8 29. Ne1 Rg8 30. Nd3 e5 31. Bd5 h5 32. b4 cxb4 33. Nxb4 h4 34. Kf2 hxg3+ 35. hxg3 Rg4 36. Nc6 a5 37. a4 f4 38. gxf4 Rxf4+ 39. Ke2 Rh4 40. Na7 Kg7 41. Nc8 Rh6 42. Ne7 Kf8 43. Nf5 Rh5 44. Be4 Rg5 45. Nd6 Rh5 46. Nf5 Rg5 47. Nd6 Rh5 1/2-1/2

[Event "Sant Miquel Olerdola op 15th"]
[Site "Sant Miquel Olerdola"]
[Date "2024.04.26"]
[Round "3"]
[White "Masferrer Niubo, Enric"]
[Black "Canales Garcia, Vicenc"]
[Result "1-0"]
[WhiteElo "2019"]
[BlackElo "1907"]
[PlyCount "97"]
[EventDate "2024.04.12"]
[EventType "swiss"]
[EventRounds "8"]
[EventCountry "ESP"]
[SourceTitle "EXT 2025"]
[Source "ChessBase"]
[SourceDate "2024.10.14"]
[SourceVersion "1"]
[SourceVersionDate "2024.10.14"]
[SourceQuality "1"]

1. Nf3 c5 2. e4 d6 3. Nc3 Nc6 4. d4 cxd4 5. Nxd4 Nf6 6. Be2 g6 7. 0-0 Bg7 8. Be3 0-0 9. h3 Bd7 10. Nb3 a6 11. f4 b5 12. Bf3 Rc8 13. Rf2 Qc7 14. Rd2 Rfd8 15. g4 Be6 16. Nd5 Bxd5 17. exd5 Na5 18. Nxa5 Qxa5 19. c3 Nd7 20. a3 Qc7 21. a4 Ra8 22. axb5 axb5 23. Rxa8 Rxa8 24. Qb3 Rb8 25. Qb4 Nc5 26. Be2 Na6 27. Qa3 Nc5 28. Rd1 h6 29. Ra1 Kh7 30. Qb4 Na4 31. Ra2 Qb7 32. c4 Nc5 33. Qxb5 Qc8 34. Qc6 Qxc6 35. dxc6 Ne6 36. f5 Nd4 37. Bxd4 Bxd4+ 38. Kg2 Bc5 39. b4 Bxb4 40. Rb2 Rc8 41. Rxb4 Rxc6 42. Rb7 gxf5 43. gxf5 Kg7 44. Rxe7 Kf6 45. Rd7 Kxf5 46. Rxf7+ Kg6 47. Rf4 Rb6 48. Bd3+ Kg7 49. Kf3 1-0

[Event "Hospitalet de Llobregat Ponce 3rd"]
[Site "Hospitalet de Llobregat"]
[Date "2017.06.03"]
[Round "9"]
[White "Martinez Balaguer, Josep Maria"]
[Black "Masferrer Niubo, Enric"]
[Result "0-1"]
[WhiteElo "1769"]
[BlackElo "2020"]
[PlyCount "34"]
[EventDate "2017.04.01"]
[EventType "swiss"]
[EventRounds "9"]
[EventCountry "ESP"]
[SourceTitle "EXT 2018"]
[Source "ChessBase"]
[SourceDate "2017.10.13"]
[SourceVersion "1"]
[SourceVersionDate "2017.10.13"]
[SourceQuality "1"]

1. c4 g6 2. g3 Bg7 3. Bg2 e5 4. Nc3 d6 5. Nf3 Nc6 6. 0-0 Be6 7. d3 Nge7 8. Rb1 Qc8 9. b4 Bh3 10. b5 Nd4 11. Ne1 h5 12. e3 Bxg2 13. Nxg2 Ne6 14. h4 Nf5 15. Nd5 c6 16. bxc6 bxc6 17. Qa4 Nc5 0-1

[Event "Hospitalet de Llobregat Ponce 3rd"]
[Site "Hospitalet de Llobregat"]
[Date "2017.05.13"]
[Round "6"]
[White "Masferrer Niubo, Enric"]
[Black "Ayala Abenza, Jose Luis"]
[Result "0-1"]
[WhiteElo "2020"]
[BlackElo "1997"]
[PlyCount "66"]
[EventDate "2017.04.01"]
[EventType "swiss"]
[EventRounds "9"]
[EventCountry "ESP"]
[SourceTitle "EXT 2018"]
[Source "ChessBase"]
[SourceDate "2017.10.13"]
[SourceVersion "1"]
[SourceVersionDate "2017.10.13"]
[SourceQuality "1"]

1. e4 e6 2. d4 d5 3. Nc3 Bb4 4. e5 b6 5. Qg4 Bf8 6. Bb5+ c6 7. Bd3 Ba6 8. h4 Bxd3 9. cxd3 Ne7 10. h5 Nf5 11. Nf3 Be7 12. Ne2 0-0 13. Qh3 c5 14. dxc5 bxc5 15. g4 Nd4 16. Nexd4 cxd4 17. Nxd4 Qb6 18. Nb3 f6 19. Be3 Qb4+ 20. Bd2 Qb6 21. Be3 Qb4+ 22. Ke2 fxe5 23. g5 Rf5 24. Rac1 Nd7 25. Rc6 Nf8 26. Rxe6 Nxe6 27. Qxf5 Qd6 28. g6 h6 29. Rc1 Rf8 30. Qg4 Nf4+ 31. Bxf4 exf4 32. Kd2 f3 33. Rc8 Qb4+ 0-1

[Event "Hospitalet de Llobregat Ponce 3rd"]
[Site "Hospitalet de Llobregat"]
[Date "2017.04.29"]
[Round "4"]
[White "Maqueda Berdugo, Francisco"]
[Black "Masferrer Niubo, Enric"]
[Result "0-1"]
[WhiteElo "1746"]
[BlackElo "2020"]
[PlyCount "76"]
[EventDate "2017.04.01"]
[EventType "swiss"]
[EventRounds "9"]
[EventCountry "ESP"]
[SourceTitle "EXT 2018"]
[Source "ChessBase"]
[SourceDate "2017.10.13"]
[SourceVersion "1"]
[SourceVersionDate "2017.10.13"]
[SourceQuality "1"]

1. e4 c6 2. d4 d5 3. Nc3 dxe4 4. Nxe4 Nd7 5. Ng5 Ngf6 6. Bd3 e6 7. N1f3 Bd6 8. Qe2 h6 9. Ne4 Nxe4 10. Qxe4 Nf6 11. Qe2 Qc7 12. 0-0 b6 13. Bd2 0-0 14. Rfe1 c5 15. dxc5 Bxc5 16. Ne5 Bb7 17. Ng4 Nxg4 18. Qxg4 f5 19. Qh5 Qc6 20. Qh3 Rf6 21. Be3 Rg6 22. Bf1 Bxe3 23. fxe3 Qxc2 24. Re2 Qe4 25. Rc1 Rd8 26. Rec2 Rd1 27. Rxd1 Qxc2 28. Rd8+ Kh7 29. Rd7 Bd5 30. Rxa7 Qc1 31. b3 Bxg2 32. Qxg2 Qxe3+ 33. Kh1 Rxg2 34. Kxg2 f4 35. Rf7 e5 36. Bc4 e4 37. Kf1 Qh3+ 38. Ke1 Qxh2 0-1

[Event "Barcelona Sant Marti op-A 18th"]
[Site "Barcelona"]
[Date "2016.07.16"]
[Round "4"]
[White "Nepveu, Manuel"]
[Black "Masferrer Niubo, Enric"]
[Result "0-1"]
[WhiteElo "1910"]
[BlackElo "2054"]
[PlyCount "74"]
[EventDate "2016.07.13"]
[EventType "swiss"]
[EventRounds "9"]
[EventCountry "ESP"]
[SourceTitle "CBM 173 Extra"]
[Source "ChessBase"]
[SourceDate "2016.08.29"]
[SourceVersion "1"]
[SourceVersionDate "2016.08.29"]
[SourceQuality "1"]

1. c4 g6 2. Nc3 Bg7 3. d4 c5 4. d5 d6 5. e4 Nf6 6. Nf3 0-0 7. Be2 Bg4 8. 0-0 b5 9. cxb5 a6 10. bxa6 Nxa6 11. Be3 Qb6 12. Qd2 Rfb8 13. Rab1 Qa5 14. h3 Bxf3 15. Bxf3 Nd7 16. Be2 Nb6 17. Rfc1 Nc7 18. a3 Rb7 19. b4 Qxa3 20. bxc5 dxc5 21. Nb5 Nxb5 22. Bxb5 Na4 23. Bc6 Rxb1 24. Rxb1 Nc3 25. Rc1 Rb8 26. Kh1 Nxe4 27. Qe1 Rb3 28. d6 Ng3+ 29. fxg3 Rxe3 30. dxe7 Rxe7 31. Qxe7 Qxc1+ 32. Kh2 Bd4 33. h4 Qg1+ 34. Kh3 Qh1+ 35. Kg4 h5+ 36. Kf4 Qc1+ 37. Kf3 Qf1+ 0-1

[Event "Barcelona Guinardo op 5th"]
[Site "Barcelona"]
[Date "2016.01.03"]
[Round "7"]
[White "Povill Claros, Xavier"]
[Black "Masferrer Niubo, Enric"]
[Result "1-0"]
[WhiteElo "2137"]
[BlackElo "2019"]
[PlyCount "83"]
[EventDate "2015.12.27"]
[EventType "swiss"]
[EventRounds "9"]
[EventCountry "ESP"]
[SourceTitle "CBM 170 Extra"]
[Source "ChessBase"]
[SourceDate "2016.02.25"]
[SourceVersion "1"]
[SourceVersionDate "2016.02.25"]
[SourceQuality "1"]

1. d4 Nf6 2. c4 g6 3. g3 Bg7 4. Bg2 0-0 5. Nf3 d6 6. 0-0 Nbd7 7. Nc3 e5 8. e4 Re8 9. d5 Nc5 10. Ne1 a5 11. Nd3 Nfd7 12. Be3 b6 13. a3 Nxd3 14. Qxd3 Nc5 15. Qc2 f5 16. f3 fxe4 17. fxe4 Rf8 18. b4 Rxf1+ 19. Rxf1 Nb7 20. Qf2 Bd7 21. Qc2 axb4 22. axb4 Qe8 23. Qb3 Ba4 24. Nxa4 Qxa4 25. Rb1 Qxb3 26. Rxb3 Nd8 27. Bh3 Ra1+ 28. Kg2 Ra2+ 29. Kf3 Kf8 30. c5 bxc5 31. bxc5 Bf6 32. c6 Ra8 33. Rb4 Ke8 34. Bd7+ Ke7 35. Rb7 Ra3 36. h4 Nxb7 37. cxb7 Rb3 38. Bc6 g5 39. Kg4 gxh4 40. gxh4 Kf7 41. h5 Rb4 42. Ba7 1-0

[Event "Badalona op-B 41st"]
[Site "Badalona"]
[Date "2015.08.06"]
[Round "5"]
[White "Masferrer Niubo, Enric"]
[Black "Castejon Ch De Guzman, Diego"]
[Result "1/2-1/2"]
[WhiteElo "2155"]
[BlackElo "2116"]
[PlyCount "38"]
[EventDate "2015.08.02"]
[EventType "swiss"]
[EventRounds "9"]
[EventCountry "ESP"]
[SourceTitle "EXT 2016"]
[Source "ChessBase"]
[SourceDate "2015.10.08"]
[SourceVersion "1"]
[SourceVersionDate "2015.10.08"]
[SourceQuality "1"]

1. e4 c5 2. Nc3 Nc6 3. g3 g6 4. Bg2 Bg7 5. d3 d6 6. Be3 e6 7. Qd2 Nge7 8. Nge2 Nd4 9. Nd1 0-0 10. c3 Nxe2 11. Qxe2 Nc6 12. 0-0 e5 13. c4 f5 14. exf5 gxf5 15. Bd5+ Kh8 16. Qh5 Ne7 17. Bg5 Bf6 18. Bh6 Bg7 19. Bg5 Bf6 1/2-1/2

[Event "Barcelona La Lira op 33rd"]
[Site "Barcelona"]
[Date "2015.02.06"]
[Round "4"]
[White "Masferrer Niubo, Enric"]
[Black "Barcelo Sola, David"]
[Result "1-0"]
[WhiteElo "2016"]
[BlackElo "2044"]
[PlyCount "133"]
[EventDate "2015.01.16"]
[EventType "swiss"]
[EventRounds "9"]
[EventCountry "ESP"]
[SourceTitle "EXT 2016"]
[Source "ChessBase"]
[SourceDate "2015.10.08"]
[SourceVersion "1"]
[SourceVersionDate "2015.10.08"]
[SourceQuality "1"]

1. e4 c5 2. Nf3 Nc6 3. d4 cxd4 4. Nxd4 g6 5. Nc3 Bg7 6. Be3 Nf6 7. Be2 0-0 8. 0-0 d6 9. a4 Bd7 10. Nb3 Na5 11. Nd2 Qc8 12. h3 Be6 13. f4 Nc4 14. Nxc4 Bxc4 15. Rf2 Bxe2 16. Qxe2 Qc6 17. Qd3 Rfd8 18. Nd5 Nxd5 19. exd5 Qc7 20. c4 Rdc8 21. Rc1 Qd7 22. b3 Qf5 23. Qxf5 gxf5 24. Rfc2 b6 25. b4 a5 26. c5 dxc5 27. bxc5 bxc5 28. Rxc5 Rcb8 29. Rb5 Kf8 30. Rcc5 Rxb5 31. axb5 Ke8 32. Rc7 Kd8 33. b6 Rb8 34. Ra7 Bc3 35. Kf2 Bb4 36. Ke2 Kc8 37. Kd3 Rb7 38. Ra8+ Rb8 39. Rxb8+ Kxb8 40. Kc4 Kb7 41. Kb5 e6 42. dxe6 fxe6 43. g4 fxg4 44. hxg4 Bc3 45. Bc5 Bd2 46. f5 exf5 47. gxf5 Bc3 48. Kc4 Bf6 49. Bd4 Be7 50. Kb5 h5 51. Kxa5 h4 52. f6 Bd6 53. f7 h3 54. Be5 Bf8 55. Kb5 Bh6 56. Bh2 Bf8 57. Bg1 Bh6 58. Kc4 h2 59. Bxh2 Kxb6 60. Kd5 Kb7 61. Kd6 Kc8 62. Ke7 Bg7 63. Ke8 Bh6 64. Bd6 Bg7 65. Bf8 Be5 66. Bh6 Bd6 67. Bg5 1-0

[Event "Barcelona Vila Gracia op 8th"]
[Site "Barcelona"]
[Date "2014.11.14"]
[Round "8.8"]
[White "Martinez, Juan Manuel"]
[Black "Masferrer Niubo, Enric"]
[Result "1/2-1/2"]
[WhiteElo "2129"]
[BlackElo "2114"]
[PlyCount "59"]
[EventDate "2014.09.26"]
[EventType "swiss"]
[EventRounds "9"]
[EventCountry "ESP"]
[SourceTitle "EXT 2024"]
[Source "ChessBase"]
[SourceDate "2023.10.10"]
[SourceVersion "1"]
[SourceVersionDate "2023.10.10"]
[SourceQuality "1"]

1. d4 Nf6 2. Bg5 g6 3. Bxf6 exf6 4. c4 Bb4+ 5. Nd2 0-0 6. a3 Be7 7. e3 d5 8. Ngf3 c5 9. dxc5 dxc4 10. Bxc4 Bxc5 11. Rc1 Qe7 12. 0-0 Nc6 13. Qc2 Bb6 14. Rfe1 Bg4 15. Qe4 Bxf3 16. Qxe7 Nxe7 17. Nxf3 Nc6 18. Bd5 Nd8 19. Nd2 f5 20. Red1 Rb8 21. Nc4 Bc7 22. Bf3 Ne6 23. g3 b5 24. Nd6 Rb6 25. Nb7 Be5 26. Rc2 b4 27. axb4 Rxb4 28. Ra1 Ng5 29. Bc6 Bxb2 30. Rxa7 1/2-1/2

[Event "Barcelona Vila Gracia op 8th"]
[Site "Barcelona"]
[Date "2014.10.24"]
[Round "5.3"]
[White "Masferrer Niubo, Enric"]
[Black "Bielecki, Pawel"]
[Result "1-0"]
[WhiteElo "2114"]
[BlackElo "2140"]
[PlyCount "91"]
[EventDate "2014.09.26"]
[EventType "swiss"]
[EventRounds "9"]
[EventCountry "ESP"]
[SourceTitle "EXT 2024"]
[Source "ChessBase"]
[SourceDate "2023.10.10"]
[SourceVersion "1"]
[SourceVersionDate "2023.10.10"]
[SourceQuality "1"]

1. e4 g6 2. d4 Bg7 3. Nf3 c5 4. c3 d5 5. dxc5 Nf6 6. exd5 Qxd5 7. Qxd5 Nxd5 8. Bc4 Nc7 9. 0-0 0-0 10. Be3 Nc6 11. Nbd2 Be6 12. Nd4 Bd7 13. N2f3 e5 14. Nb5 Be6 15. Nxc7 Bxc4 16. Nxa8 Bxf1 17. Kxf1 Rxa8 18. Rd1 Rd8 19. Rxd8+ Nxd8 20. b4 f6 21. Nd2 Kf7 22. Ke2 Ke6 23. f4 Nf7 24. fxe5 Nxe5 25. Bf4 Kd5 26. Bxe5 Kxe5 27. Kd3 f5 28. Nc4+ Kd5 29. a4 Bh6 30. Na5 b6 31. cxb6 axb6 32. Nc4 Kc6 33. Ne5+ Kd5 34. Nd7 Bf4 35. g3 Bc7 36. Nf6+ Ke6 37. Nxh7 Bd8 38. Nf8+ Kf7 39. Nd7 Ke6 40. Nb8 f4 41. Nc6 Bc7 42. Nd4+ Kf6 43. gxf4 Bxf4 44. a5 bxa5 45. bxa5 Bxh2 46. a6 1-0

[Event "Barcelona Sants op 16th"]
[Site "Barcelona"]
[Date "2014.08.22"]
[Round "1"]
[White "Klein, David"]
[Black "Masferrer Niubo, Enric"]
[Result "1-0"]
[WhiteElo "2498"]
[BlackElo "2012"]
[PlyCount "55"]
[EventDate "2014.08.22"]
[EventType "swiss"]
[EventRounds "10"]
[EventCountry "ESP"]
[SourceTitle "CBM 162 Extra"]
[Source "ChessBase"]
[SourceDate "2014.10.17"]
[SourceVersion "1"]
[SourceVersionDate "2014.10.17"]
[SourceQuality "1"]

1. d4 Nf6 2. Bg5 g6 3. Bxf6 exf6 4. c4 b6 5. Nc3 f5 6. e3 Bb7 7. Nge2 Bh6 8. h4 Qf6 9. h5 Na6 10. a3 0-0-0 11. Qa4 Rde8 12. 0-0-0 f4 13. Nd5 Bxd5 14. cxd5 Nb8 15. Qxa7 fxe3 16. f4 Bxf4 17. Kb1 Bd6 18. Nc3 Qf2 19. Be2 f5 20. hxg6 hxg6 21. Rxh8 Rxh8 22. Ba6+ Nxa6 23. Qxa6+ Kd8 24. Qa8+ Ke7 25. Qxh8 e2 26. Nxe2 Qxe2 27. Rh1 Bxa3 28. Qg7+ 1-0

[Event "Barcelona Sant Marti op-A 16th"]
[Site "Barcelona"]
[Date "2014.07.21"]
[Round "9"]
[White "Pozanco Romasanta, Marc"]
[Black "Masferrer Niubo, Enric"]
[Result "1/2-1/2"]
[WhiteElo "2088"]
[BlackElo "1996"]
[PlyCount "59"]
[EventDate "2014.07.13"]
[EventType "swiss"]
[EventRounds "9"]
[EventCountry "ESP"]
[SourceTitle "CBM 161 Extra"]
[Source "ChessBase"]
[SourceDate "2014.08.29"]
[SourceVersion "1"]
[SourceVersionDate "2014.08.29"]
[SourceQuality "1"]

1. d4 Nf6 2. c4 g6 3. Nc3 Bg7 4. e4 d6 5. Be2 0-0 6. Bg5 Na6 7. Qd2 e5 8. d5 c6 9. h4 cxd5 10. cxd5 Bd7 11. h5 Qa5 12. h6 Bh8 13. f3 Rac8 14. Be3 Nc5 15. Nb5 Qxd2+ 16. Kxd2 Bxb5 17. Bxb5 a6 18. Be2 Nh5 19. Bd1 Ng3 20. Bxc5 Rxc5 21. Rh3 Nh5 22. Ne2 Nf4 23. Rh2 Rfc8 24. Nc3 b5 25. g3 Nh5 26. Ne2 Bf6 27. b4 Rc4 28. Bb3 R4c7 29. a3 Bg5+ 30. Kd1 1/2-1/2

[Event "Barcelona Sant Marti op-A 16th"]
[Site "Barcelona"]
[Date "2014.07.15"]
[Round "3"]
[White "Matsenko, Andrei"]
[Black "Masferrer Niubo, Enric"]
[Result "1-0"]
[WhiteElo "2294"]
[BlackElo "1996"]
[PlyCount "99"]
[EventDate "2014.07.13"]
[EventType "swiss"]
[EventRounds "9"]
[EventCountry "ESP"]
[SourceTitle "CBM 161 Extra"]
[Source "ChessBase"]
[SourceDate "2014.08.29"]
[SourceVersion "1"]
[SourceVersionDate "2014.08.29"]
[SourceQuality "1"]

1. e4 e5 2. Nf3 Nc6 3. Bb5 a6 4. Ba4 Nf6 5. d3 b5 6. Bb3 Be7 7. c3 d6 8. Nbd2 Na5 9. Bc2 c5 10. Nf1 Bb7 11. Ng3 g6 12. 0-0 0-0 13. Qe2 Qc7 14. h3 Rfe8 15. Nh2 d5 16. Ng4 Nxg4 17. Qxg4 dxe4 18. dxe4 Bc8 19. Qf3 Be6 20. Re1 Rad8 21. Nf1 Rd7 22. Ne3 Red8 23. Qg3 Kh8 24. b3 Nc6 25. Bb2 Bf6 26. Bd1 Bg7 27. Bg4 Bxg4 28. hxg4 Rd3 29. g5 R8d7 30. Qg4 Ne7 31. Red1 a5 32. Nd5 Rxd1+ 33. Rxd1 Nxd5 34. exd5 c4 35. bxc4 bxc4 36. Ba3 Kg8 37. Bc5 Bf8 38. Bb6 Qb7 39. d6 Rxd6 40. Rxd6 Bxd6 41. Bxa5 Qb1+ 42. Kh2 Qxa2 43. Qc8+ Kg7 44. Bd8 e4+ 45. Kh3 Be5 46. Be7 h5 47. Qf8+ Kh7 48. Qxf7+ Kh8 49. Bf6+ Bxf6 50. gxf6 1-0

[Event "Barbera del Valles op 37th"]
[Site "Barbera del Valles"]
[Date "2014.07.12"]
[Round "9"]
[White "Simon del Sol, Jaume"]
[Black "Masferrer Niubo, Enric"]
[Result "1/2-1/2"]
[WhiteElo "1986"]
[BlackElo "1996"]
[PlyCount "67"]
[EventDate "2014.07.04"]
[EventType "swiss"]
[EventRounds "9"]
[EventCountry "ESP"]
[SourceTitle "CBM 161 Extra"]
[Source "ChessBase"]
[SourceDate "2014.08.29"]
[SourceVersion "1"]
[SourceVersionDate "2014.08.29"]
[SourceQuality "1"]

1. d4 Nf6 2. Nf3 g6 3. c4 Bg7 4. Nc3 0-0 5. e4 d6 6. h3 e5 7. d5 Na6 8. Bd3 Nc5 9. Bc2 a5 10. g4 Bd7 11. Be3 b6 12. Qd2 a4 13. Bg5 Qb8 14. Qe2 Ra5 15. Bd2 Ra8 16. Bg5 Qb7 17. Rb1 Rfb8 18. Nd2 Qa6 19. Be3 Qa5 20. 0-0 Qa6 21. f3 Qc8 22. Rf2 h5 23. Rg2 Qe8 24. Bd3 Nxd3 25. Qxd3 b5 26. cxb5 Bxb5 27. Nxb5 Qxb5 28. Qxb5 Rxb5 29. Nc4 hxg4 30. hxg4 Nd7 31. Rc2 Nc5 32. Na3 Rba5 33. Nc4 Rb5 34. Na3 1/2-1/2

[Event "Barbera del Valles op 37th"]
[Site "Barbera del Valles"]
[Date "2014.07.04"]
[Round "1"]
[White "Leroy, Didier"]
[Black "Masferrer Niubo, Enric"]
[Result "1-0"]
[WhiteElo "2319"]
[BlackElo "1996"]
[PlyCount "63"]
[EventDate "2014.07.04"]
[EventType "swiss"]
[EventRounds "9"]
[EventCountry "ESP"]
[SourceTitle "CBM 161 Extra"]
[Source "ChessBase"]
[SourceDate "2014.08.29"]
[SourceVersion "1"]
[SourceVersionDate "2014.08.29"]
[SourceQuality "1"]

1. d4 Nf6 2. c4 g6 3. Nc3 Bg7 4. e4 d6 5. Bd3 e5 6. Nge2 0-0 7. Bc2 Nc6 8. d5 Nb4 9. f3 Nxc2+ 10. Qxc2 Nd7 11. 0-0 a5 12. Be3 f5 13. a3 f4 14. Bf2 b6 15. b4 Bf6 16. Nb5 Be7 17. Rab1 Rf7 18. Nc1 axb4 19. axb4 Ba6 20. Nd3 Bxb5 21. cxb5 Ra7 22. Qc6 Nf6 23. Ra1 Qb8 24. Ra6 Rxa6 25. bxa6 Qa7 26. Qb7 Qxb7 27. axb7 Rf8 28. Rc1 Rb8 29. Rxc7 Kf7 30. Bh4 h6 31. Bxf6 Kxf6 32. b5 1-0